Alle Darts PDC-Majorviertelfinalisten seit Anfang 2022 - Statistiken

Allgemein
  • Dieses Quiz wurde 125 mal gespielt
  • Das Durchschnittsergebnis liegt bei 160 aus 192
Antwortstatistiken
Turnier Name % Korrekt
World Cup 22 Finale | World Cup 23 Sieger Gerwyn PriceJonny Clayton
100%
World Cup 23 VF Michael SmithRob Cross
100%
EM 23 VF | Grand Prix 22 Sieger | Grand Slam 22 VF | +13 others Michael van Gerwen
100%
EM 22 VF | EM 23 Sieger | Grand Prix 22 HF | +6 others Peter Wright
100%
World Cup 23 Finale Peter WrightGary Anderson
100%
World Cup 22 VF Peter WrightJohn Henderson
100%
EM 23 VF | Grand Prix 22 HF | Grand Prix 23 Finale | +8 others Gerwyn Price
99%
EM 22 VF | EM 23 VF | Grand Prix 23 Sieger | +9 others Luke Humphries
99%
World Cup 22 VF | World Cup 23 HF Gabriel ClemensMartin Schindler
98%
World Cup 22 HF Michael SmithJames Wade
98%
PC-Finals 23 HF | WM 22/23 HF Gabriel Clemens
96%
Grand Slam 23 VF | WM 21/22 HF Gary Anderson
96%
UK Open 24 VF | WM 23/24 Finale Luke Littler
96%
Grand Slam 23 Finale | Masters 23 Finale | PC-Finals 22 Finale | +4 others Rob Cross
96%
EM 22 Finale | Grand Prix 23 HF | Grand Slam 22 Sieger | +7 others Michael Smith
95%
Grand Prix 22 Finale | Grand Slam 22 Finale | Masters 24 HF | +4 others Nathan Aspinall
93%
World Cup 22 VF | World Cup 23 HF Dimitri van den BerghKim Huybrechts
90%
Masters 22 HF | Masters 23 VF | Matchplay 23 Finale | +5 others Jonny Clayton
90%
Grand Prix 22 VF | Masters 24 HF | Matchplay 22 HF | +4 others Dimitri van den Bergh
89%
World Cup 22 HF Danny NoppertDirk van Duijvenbode
88%
EM 23 Finale | Grand Slam 23 HF | PC-Finals 23 VF | +4 others James Wade
88%
Grand Prix 23 VF | UK Open 23 VF Martin Schindler
86%
World Cup 23 VF Damon HetaSimon Whitlock
85%
EM 22 VF | EM 23 HF | Masters 23 VF | +3 others Danny Noppert
85%
World Cup 22 Sieger Damon Heta Simon Whitlock
85%
EM 22 Sieger Ross Smith
85%
Grand Slam 23 HF | Masters 24 Sieger | PC-Finals 23 VF | +2 others Stephen Bunting
84%
EM 22 HF | EM 23 VF | Grand Prix 22 VF | +5 others Chris Dobey
81%
Grand Slam 23 VF | Masters 24 VF | Matchplay 23 VF | +3 others Damon Heta
81%
World Cup 22 VF Daryl GurneyBrendan Dolan
81%
Grand Prix 23 VF | UK Open 23 Sieger Andrew Gilding
80%
Grand Prix 23 HF | Grand Slam 22 VF | Masters 22 Sieger | +4 others Joe Cullen
79%
Masters 24 VF | Matchplay 23 VF Daryl Gurney
74%
EM 22 VF | Masters 22 Finale | Masters 24 VF | WM 23/24 VF Dave Chisnall
74%
EM 22 HF | Masters 23 VF | Matchplay 22 VF | +2 others Dirk van Duijvenbode
73%
WM 23/24 VF Brendan Dolan
70%
Masters 22 VF Simon Whitlock
70%
Grand Slam 23 VF Josh Rock
69%
WM 23/24 HF Scott Williams
66%
Grand Slam 22 HF | WSoD-Finals 23 VF Raymond van Barneveld
64%
Matchplay 23 VF Ryan Searle
64%
EM 23 HF Gian van Veen
54%
Masters 22 HF | Matchplay 22 VF Jose de Sousa
54%
WM 21/22 VF Mervyn King
50%
PC-Finals 22 VF | WM 21/22 VF Callan Rydz
49%
UK Open 24 HF Ricky Evans
48%
PC-Finals 23 HF | WSoD-Finals 22 VF Ryan Joyce
43%
Grand Prix 22 VF | UK Open 24 VF Martin Lukeman
41%
UK Open 22 HF William O'Connor
39%
PC-Finals 23 VF Luke Woodhouse
38%
UK Open 22 HF Keane Barry
35%
Grand Prix 22 VF Madars Razma
33%
UK Open 23 HF Adam Gawlas
31%
Grand Slam 22 VF Alan Soutar
25%
World Cup 23 VF Jacques LabreThibault Tricole
21%
WSoD-Finals 23 VF Keegan Brown
18%
UK Open 22 VF Sebastian Bialecki
13%
World Cup 23 VF Dennis NilssonOskar Lukasiak
11%
Grand Slam 23 VF Stowe Buntz
11%
UK Open 23 VF Richie Burnett
9%
Keine übereinstimmenden Quizze gefunden
Verteilung der Resultate
Anzahl Personen mit jedem Resultat
Perzentil nach korrekt beantworteten Fragen
Ihre Resultats-Entwicklung
Sie haben dieses Quiz noch nicht gespielt